000 00371nam a2200133Ia 4500
008 100328s9999 xx 000 0 und d
082 _b27696
100 _aमडकईकर भालचंद्र
245 _aत्रिवेणी
260 _bप्रिया
630 _aत्रिवेणी
730 _aत्रिवेणी
942 _cBOOK
999 _c519452
_d519449